Poisťovňa Otčina - váš blízky partner poistenie majetku fyzických osôb - dom a domácnosť
Poisťovňa Otčina, a.s. poskytuje v rámci poistenia majetku produkt poistenie domu. Klient si takto môže poistiť rodinný dom, rekreačnú chatu, záhradnú chatku, garáž, hospodárske stavby, vedľajšie stavby, príslušenstvo budovy a budovy vo výstavbe. Poistenie domu pre prípad živelnej pohromy, úmyselnéh...
Salvato in:
| Natura: | Capitolo di libro |
|---|---|
| Lingua: | slovacco |
| Soggetti: | |
| Tags: |
Nessun Tag, puoi essere il primo ad aggiungerne!!
|
MARC
| LEADER | 00000naa a2200000 4500 | ||
|---|---|---|---|
| 001 | r033558 | ||
| 005 | 20230929092747.1 | ||
| 041 | 0 | |a slo | |
| 044 | |a SK | ||
| 245 | 1 | 0 | |a Poisťovňa Otčina - váš blízky partner |b poistenie majetku fyzických osôb - dom a domácnosť |
| 520 | |a Poisťovňa Otčina, a.s. poskytuje v rámci poistenia majetku produkt poistenie domu. Klient si takto môže poistiť rodinný dom, rekreačnú chatu, záhradnú chatku, garáž, hospodárske stavby, vedľajšie stavby, príslušenstvo budovy a budovy vo výstavbe. Poistenie domu pre prípad živelnej pohromy, úmyselného poškodenia. Poistenie domácností. | ||
| 610 | 2 | 0 | |a poisťovne |
| 610 | 2 | 0 | |a poistenie |
| 610 | 2 | 0 | |a riziko |
| 610 | 2 | 0 | |a škody |
| 610 | 2 | 0 | |a domácnosti |
| 610 | 2 | 0 | |a vlastníctvo súkromné |
| 610 | 2 | 0 | |a Slovensko |
| 610 | 2 | 0 | |a Otčina, a.s. Bratislava |